000 00736nam a2200217Ii 4500
003 JO-AjNU
008 230605s9999||||xx |||||||||||||| ||und||
017 _a2007/4/1060
020 _a978-9957-428-23-5
040 _aJO-AjNU
_bara
_erda
_cJO-AjNU
041 _aara
050 1 4 _aDS153.2.R3322 2020
100 3 _aالرواضية، المهدي عيد,
_eauthor
_962645
245 0 0 _aمدونة النصوص الجغرافية لمدن الأردن وقراه، ج2
264 3 1 _aعمان: وزارة الثقافة، 2019
300 _a581ص
336 _atext
_btxt
_2rdacontent
337 _aunmediated
_bn
_2rdamedia
338 _avolume
_bnc
_2rdacarrier
650 4 _aالمدن القرى-الأردن-جغرافيا
_962646
999 _aA28377
_c31945
_d31945